[Event "Landesliga Sued 0708"]
[Site "Bayern"]
[Date "2007.11.25"]
[Round "3.8"]
[White "Heiduczek, Josef"]
[Black "Riedel, Lutz"]
[Result "1-0"]
[WhiteElo "2188"]
[BlackElo "1989"]
[PlyCount "121"]
[EventDate "2007.10.21"]
[EventType "team-tourn"]
[EventRounds "9"]
[EventCountry "GER"]
[SourceTitle "EXT 2009"]
[Source "ChessBase"]
[SourceDate "2008.11.26"]
[SourceVersion "1"]
[SourceVersionDate "2008.11.26"]
[SourceQuality "1"]
[WhiteTeam "Rottal"]
[BlackTeam "Krumbach"]
[WhiteTeamCountry "GER"]
[BlackTeamCountry "GER"]

1. e4 c5 2. Nf3 Nc6 3. Bb5 Nf6 4. Nc3 a6 5. Bxc6 dxc6 6. d3 Bg4 7. h3 Bxf3 8. Qxf3 Nd7 9. Qg3 g6 10. f4 Qc7 11. Bd2 h5 12. 0-0-0 e6 13. Qf2 0-0-0 14. Be3 Be7 15. e5 Qa5 16. Kb1 f5 17. exf6 Nxf6 18. Ne4 Nxe4 19. dxe4 Rxd1+ 20. Rxd1 Qb4 21. Qf3 Rd8 22. Rxd8+ Bxd8 23. Bc1 Qd4 24. f5 exf5 25. exf5 Qf6 26. fxg6 Qxg6 27. g4 hxg4 28. Qxg4+ Qxg4 29. hxg4 Kd7 30. b3 Ke6 31. c4 Ke5 32. Kc2 Ke4 33. Bh6 Be7 34. Kd2 Bd6 35. Ke2 Be5 36. Be3 Bd6 37. Kf2 Be7 38. Bh6 Bf6 39. g5 Bd4+ 40. Kg3 Kf5 41. Kh4 Kg6 42. Bf8 Kf7 43. Bd6 Ke6 44. Bc7 b5 45. g6 Kf5 46. Kh5 Bg7 47. Bd8 bxc4 48. bxc4 Ke4 49. Kg5 Kd3 50. Bf6 Bf8 51. Kf5 Bh6 52. Ke6 Ke4 53. Bg5 Bf8 54. Kf7 Kf5 55. Kxf8 Kxg6 56. Ke7 Kf5 57. Kd6 Ke4 58. Kxc5 Kd3 59. a4 Kc3 60. a5 Kb3 61. Bd2 1-0